000 00767nam a2200205 i 4500
001 77442
003 ES-MaACL
005 20230906173218.0
007 t|
008 041008s1960 sp ||||1| spa d
100 1 _aGutiérrez Soto, Luis.
_961227
245 1 0 _aBreves consideraciones sobre la nueva arquitectura /
_cdiscurso leído por Luis Gutiérrez Soto y contestación de Modesto López Otero.
260 _aMadrid :
_b[s.n.,
_c1960] (
_fAltamira)
300 _a64 p., 1 lám. ;
_c25 cm.
500 _aPrecede al tít.: Real Academia de Bellas Artes de San Fernando.
650 0 4 _aArquitectura-
_yS.XX.
_910007
700 1 _aLópez Otero, M.
_973853
710 2 _aReal Academia de Bellas Artes de San Fernando.
_96291
852 _aES-MaACL
_jF-M-III-N
_bR.46002
999 _c77442
_d77442